Bad Dad Jokes! Quiz Stats

 Plays Quiz Updated Jan 7, 2016

Score 0/18 Timer 06:00
1 Play Today
% Correct
Perfect, I've always wanted to play an instrument.
96.9%
Don't do that. Call me Dad.
96.8%
Because if they had four they'd be chicken sedans.
96.5%
Nobody nose.
96.3%
They're not dead yet.
95.9%
Put a little boogie in it!
95.3%
It's 90 degrees.
94.9%
No, but I'll wrestle you for it.
94.8%
But I got the sack because I took a couple of days off.
94.8%
% Correct
They say he made a mint.
94.8%
Because it has more geese.
94.7%
But I've started taking steps to avoid them.
94.6%
But I'm slowly getting over it.
94.2%
You shall be mist.
94%
They look shady.
93.6%
Ahh, this takes me back.
93.6%
Somebody call Whine-1-1.
91.5%
But then I turned myself around.
90.4%

You're not logged in!

Compare scores with friends on all Sporcle quizzes.
OR
Log In

Show Comments

Extras

Top Quizzes Today


Score Distribution

Your Account Isn't Verified!

In order to create a playlist on Sporcle, you need to verify the email address you used during registration. Go to your Sporcle Settings to finish the process.

Report this User

Report this user for behavior that violates our Community Guidelines.

Details: